Introduction to The Constition of India (Record no. 211)

MARC details
000 -LEADER
fixed length control field 00341nam a22001457a 4500
020 ## - INTERNATIONAL STANDARD BOOK NUMBER
International Standard Book Number 978-93-88548-86-1
041 ## - LANGUAGE CODE
Language code of text/sound track or separate title ENG
100 ## - MAIN ENTRY--PERSONAL NAME
Personal name Basu.D.D
245 ## - TITLE STATEMENT
Title Introduction to The Constition of India
250 ## - EDITION STATEMENT
Edition statement 24 Th Edition
260 ## - PUBLICATION, DISTRIBUTION, ETC. (IMPRINT)
Place of publication, distribution, etc New Delhi
Name of publisher, distributor, etc LexisNexis
Date of publication, distribution, etc 2020
300 ## - PHYSICAL DESCRIPTION
Extent 556
650 ## - SUBJECT ADDED ENTRY--TOPICAL TERM
Topical term or geographic name as entry element UPSC
856 ## - ELECTRONIC LOCATION AND ACCESS
Uniform Resource Identifier Competitive Exam
Holdings
Withdrawn status Lost status Source of classification or shelving scheme Damaged status Not for loan Home library Current library Date acquired Cost, normal purchase price Total Checkouts Barcode Date last seen Date checked out Price effective from Koha item type
    Dewey Decimal Classification     College of Agricultural Engineering and Technology, Dapoli , Library College of Agricultural Engineering and Technology, Dapoli , Library 22/01/2021 495.00 3 007820 24/03/2026 16/03/2026 22/01/2021 Books
    Dewey Decimal Classification     College of Agricultural Engineering and Technology, Dapoli , Library Liberty 22/01/2021 495.00   007821 22/01/2021   22/01/2021 Books

Contact Us: College of Agricultural Engineering and Technology, Dapoli, Dist.- Ratnagiri
Website: https://dbskkv.org Email: caetlibrary2015@gmail.com